[Event "Uruguay ch 2011"]
[Site "Montevideo URU"]
[Date "2011.04.01"]
[Round "9.2"]
[White "Curi, Gabriel"]
[Black "Arean, Martin"]
[Result "1-0"]
[WhiteElo "2195"]
[BlackElo "1982"]
[PlyCount "115"]
[EventDate "2011.03.25"]
[EventType "tourn"]
[EventRounds "11"]
[EventCountry "URU"]
[EventCategory "1"]
[Source "lmi"]
[SourceDate "2011.03.25"]

1. e4 c5 2. Nf3 d6 3. d4 cxd4 4. Nxd4 Nf6 5. Nc3 a6 6. Be2 e5 7. Nb3 Be7 8. Be3
Be6 9. O-O O-O 10. Nd5 Bxd5 11. exd5 Nbd7 12. c4 Rc8 13. a4 Ne8 14. a5 g6 15.
Qd2 Ng7 16. f3 Nf5 17. Bf2 Bg5 18. Qd3 Re8 19. g3 Nf6 20. Nd2 h5 21. Ne4 Bh6
22. b4 h4 23. Ra2 hxg3 24. hxg3 Nd4 25. Kg2 Nxe4 26. fxe4 Rc7 27. Rh1 Qg5 28.
Rh4 Rec8 29. Bxd4 exd4 30. Qxd4 Bg7 31. Qf2 Qe5 32. Rc2 Qa1 33. Rh1 Qa3 34. Rb1
Be5 35. Bg4 Re8 36. Qf3 Qa4 37. Qb3 Qxb3 38. Rxb3 Bd4 39. Bf3 Rec8 40. Be2 Re7
41. Bd3 Kg7 42. Rb1 Re5 43. c5 Rg5 44. Be2 Be5 45. Rb3 f5 46. c6 bxc6 47. Bxa6
Rh8 48. dxc6 fxe4 49. Kf1 Rh1+ 50. Ke2 Bd4 51. Kd2 Rf5 52. c7 e3+ 53. Kd3 Rd1+
54. Kc4 Ba1 55. Rd3 d5+ 56. Kb3 Rxd3+ 57. Bxd3 Rf8 58. c8=Q 1-0

[Event "Uruguay ch 2011"]
[Site "Montevideo URU"]
[Date "2011.04.01"]
[Round "9.3"]
[White "Granara Barreto, Sebastian"]
[Black "Rodriguez Vila, Andres"]
[Result "1-0"]
[WhiteElo "2171"]
[BlackElo "2527"]
[PlyCount "213"]
[EventDate "2011.03.25"]
[EventType "tourn"]
[EventRounds "11"]
[EventCountry "URU"]
[EventCategory "1"]
[Source "lmi"]
[SourceDate "2011.03.25"]

1. Nf3 f5 2. d3 Nf6 3. Nc3 d6 4. e4 Nc6 5. exf5 Bxf5 6. d4 g6 7. d5 Nb4 8. Bb5+
c6 9. Ba4 Bd7 10. dxc6 bxc6 11. O-O Bg7 12. Bb3 d5 13. Qe2 a5 14. Nd4 Qc8 15.
Na4 Ng4 16. c3 Qc7 17. g3 Na6 18. Ne6 Bxe6 19. Qxe6 Ne5 20. Bf4 Qd7 21. Qxd7+
Nxd7 22. Rfe1 Kf7 23. c4 Nac5 24. Bc2 d4 25. Rad1 Ne6 26. Be4 Rhc8 27. Bf3 Nxf4
28. gxf4 Ra7 29. Bg4 Rb8 30. b3 Ke8 31. Bxd7+ Rxd7 32. Nc5 Rd6 33. Re4 Kf7 34.
Rde1 Bf6 35. Nd3 Rc8 36. Nc5 Rc7 37. Na6 Ra7 38. Nc5 h6 39. Nd3 Rb7 40. Nc5 Rb8
41. Na6 Rg8 42. Nc5 Rb8 43. Na6 Ra8 44. Nc5 Rdd8 45. Ne6 Rd6 46. Nc5 Ra7 47.
Nd3 a4 48. b4 a3 49. Kf1 h5 50. Kg2 Rd8 51. Kf3 Ra4 52. Rb1 Rb8 53. c5 Ra7 54.
Rb3 Kg7 55. Re6 Rc8 56. Re4 Kf7 57. Ne5+ Bxe5 58. Rxe5 Ra4 59. Re4 Rd8 60. Ke2
Kf6 61. Kd3 Kf5 62. Rxe7 Rb8 63. b5 Rxb5 64. Rxb5 cxb5 65. Rf7+ Ke6 66. Rb7 Rb4
67. Ra7 Rb2 68. Rxa3 Rxf2 69. Ra6+ Kd5 70. Rxg6 Rf3+ 71. Ke2 Re3+ 72. Kd2 Kxc5
73. Rg3 Re8 74. Kd3 h4 75. Rg5+ Kc6 76. Rg2 Rf8 77. Rg6+ Kc7 78. Rg4 h3 79. Rh4
Ra8 80. Kxd4 Rxa2 81. Rxh3 Kd6 82. Rh6+ Ke7 83. Ke5 Re2+ 84. Kf5 b4 85. Rh7+
Kf8 86. Kf6 Ke8 87. Rb7 Rxh2 88. Rb8+ Kd7 89. Rxb4 Rh6+ 90. Kf7 Rh4 91. Rd4+
Kc6 92. Kf6 Kc5 93. Kg5 Rh8 94. Rd1 Rg8+ 95. Kh6 Rf8 96. Rf1 Kd6 97. Kg7 Rf5
98. Kg6 Rf8 99. f5 Rg8+ 100. Kf6 Kd7 101. Kf7 Rg2 102. Rd1+ Kc7 103. f6 Rf2
104. Ke7 Re2+ 105. Kf8 Rf2 106. f7 Rf3 107. Rg1 1-0

[Event "Uruguay ch 2011"]
[Site "Montevideo URU"]
[Date "2011.04.01"]
[Round "9.4"]
[White "Crosa Coll, Martin"]
[Black "Muniz, Rafael"]
[Result "1-0"]
[WhiteElo "2354"]
[BlackElo "2190"]
[PlyCount "195"]
[EventDate "2011.03.25"]
[EventType "tourn"]
[EventRounds "11"]
[EventCountry "URU"]
[EventCategory "1"]
[Source "lmi"]
[SourceDate "2011.03.25"]

1. g3 Nf6 2. Bg2 c5 3. e4 Nc6 4. Ne2 g6 5. c3 d5 6. exd5 Nxd5 7. d4 e6 8. O-O
Bg7 9. dxc5 O-O 10. Nd2 Qc7 11. Ne4 Rd8 12. Qa4 Bd7 13. Qa3 b6 14. Nf4 Na5 15.
Nxd5 exd5 16. Bf4 Qc6 17. Nd2 Be6 18. Bg5 Rdc8 19. cxb6 axb6 20. Qb4 Nb7 21.
Qf4 Nd6 22. Bf6 Ra4 23. Qe5 Bh6 24. Nb3 Nc4 25. Qe2 Qb5 26. Rfe1 Re8 27. Nd4
Qxb2 28. Qxb2 Nxb2 29. Bxd5 Bd2 30. Nxe6 Bxe1 31. Ng5 Ra7 32. Nf3 Nd3 33. Rd1
Bxf2+ 34. Kf1 Re3 35. Bg5 Nb2 36. Rd2 Ra5 37. Kxf2 Rxc3 38. Bf6 Rd3 39. Bxb2
Rxd2+ 40. Nxd2 Rxd5 41. Ke3 f5 42. Bc3 Kf7 43. a4 Ke6 44. Nb3 Rd1 45. Bd4 Kd5
46. Bf6 Kc4 47. Nd2+ Kd5 48. Nf3 Rb1 49. Bd8 Rb3+ 50. Kf4 h6 51. h4 Rb4+ 52.
Ke3 Kc6 53. a5 bxa5 54. Bxa5 Re4+ 55. Kf2 Ra4 56. Bd2 Ra2 57. Kf1 g5 58. hxg5
hxg5 59. Bxg5 Kd5 60. Nd2 Kd4 61. Kg2 Kd3 62. Kf3 Ra3 63. Bf4 Kd4+ 64. Kg2 Ra2
65. Kh3 Kd3 66. Kh4 Ra3 67. Nf3 Ke4 68. Ng5+ Kd5 69. Kh5 Ra6 70. Nf3 Ke4 71.
Nd2+ Kd5 72. Kg5 Ke6 73. Nb3 Kf7 74. Nd4 Ra5 75. Nxf5 Ke6 76. g4 Ra4 77. Bd2
Ra2 78. Bc3 Ra3 79. Nd4+ Kf7 80. Ne2 Ra2 81. Nf4 Rc2 82. Be5 Rc5 83. Kf5 Rc1
84. g5 Rf1 85. g6+ Kg8 86. Kf6 Rg1 87. Nd5 Rf1+ 88. Bf4 Re1 89. Be5 Rf1+ 90.
Ke6 Rg1 91. Kf5 Rf1+ 92. Nf4 Rf2 93. Bd4 Rd2 94. Be3 Rd6 95. Kg5 Rd1 96. Nh5
Rd5+ 97. Kh6 Rf5 98. Bd4 1-0

[Event "Uruguay ch 2011"]
[Site "Montevideo URU"]
[Date "2011.04.01"]
[Round "9.5"]
[White "Colombo, Camila"]
[Black "Guerrero, Alvaro"]
[Result "1-0"]
[WhiteElo "2094"]
[BlackElo "2216"]
[PlyCount "77"]
[EventDate "2011.03.25"]
[EventType "tourn"]
[EventRounds "11"]
[EventCountry "URU"]
[EventCategory "1"]
[Source "lmi"]
[SourceDate "2011.03.25"]

1. d4 d6 2. c4 f5 3. g3 Nf6 4. Nc3 g6 5. Bg2 Bg7 6. Nh3 O-O 7. d5 Qe8 8. Nf4
Na6 9. h4 c6 10. O-O h6 11. e4 Nc5 12. exf5 Bxf5 13. Be3 Rd8 14. b4 Na6 15. a3
c5 16. Qb3 Ng4 17. Bc1 g5 18. hxg5 hxg5 19. Nh3 Bd4 20. Ra2 Qh5 21. Nb5 Bf6 22.
f3 Nh6 23. g4 Qh4 24. gxf5 Nxf5 25. Bb2 Ng3 26. Rf2 Rde8 27. Bxf6 exf6 28. Nxd6
Re1+ 29. Kh2 Kg7 30. Qc3 Rd1 31. Rad2 Rxd2 32. Rxd2 Rh8 33. Kg1 Qh7 34. Qe3
Qb1+ 35. Kf2 Nh1+ 36. Bxh1 Qxh1 37. Qe7+ Kg6 38. Qf7+ Kh6 39. Nf5# 1-0

[Event "Uruguay ch 2011"]
[Site "Montevideo URU"]
[Date "2011.04.01"]
[Round "9.6"]
[White "Arcos Facio, Mateo"]
[Black "Larrea, Manuel"]
[Result "0-1"]
[WhiteElo "2109"]
[BlackElo "2284"]
[PlyCount "60"]
[EventDate "2011.03.25"]
[EventType "tourn"]
[EventRounds "11"]
[EventCountry "URU"]
[EventCategory "1"]
[Source "lmi"]
[SourceDate "2011.03.25"]

1. e4 c5 2. Nc3 Nc6 3. f4 g6 4. Nf3 Bg7 5. Bb5 Nd4 6. O-O Nxb5 7. Nxb5 Nf6 8.
Nc3 O-O 9. d3 Rb8 10. Qe1 b5 11. Qh4 b4 12. Ne2 c4 13. f5 cxd3 14. cxd3 Ba6 15.
Nf4 e5 16. Nh3 Bxd3 17. Re1 d5 18. Bg5 dxe4 19. Nxe5 Qd4+ 20. Nf2 Qxe5 21. Nxd3
Qxf5 22. Rf1 Qg4 23. Ne5 Qxh4 24. Bxh4 Rfe8 25. Rxf6 Rxe5 26. Ra6 Rd5 27. Rc1
Bxb2 28. Rc4 Rd4 29. Rc7 e3 30. Kf1 Rxh4 0-1

[Event "Uruguay ch 2011"]
[Site "Montevideo URU"]
[Date "2011.04.02"]
[Round "10.1"]
[White "Alonso, Salvador"]
[Black "Larrea, Manuel"]
[Result "1-0"]
[WhiteElo "2467"]
[BlackElo "2284"]
[PlyCount "87"]
[EventDate "2011.03.25"]
[EventType "tourn"]
[EventRounds "11"]
[EventCountry "URU"]
[EventCategory "1"]
[Source "lmi"]
[SourceDate "2011.03.25"]

1. e4 c6 2. d4 d5 3. Nd2 dxe4 4. Nxe4 Bf5 5. Ng3 Bg6 6. h4 h6 7. h5 Bh7 8. Nf3
Nd7 9. Bd3 Bxd3 10. Qxd3 e6 11. Bd2 Ngf6 12. O-O-O Be7 13. Qe2 O-O 14. Nf1 Qb6
15. g4 Qb5 16. c4 Qa4 17. Kb1 Ne4 18. Be1 Nd6 19. b3 Qa3 20. Ne3 c5 21. Ne5
Nxe5 22. dxe5 Ne8 23. f4 Qa6 24. Qg2 Rd8 25. Bc3 Nc7 26. g5 hxg5 27. f5 exf5
28. Nd5 Nxd5 29. cxd5 f6 30. h6 fxe5 31. hxg7 Rf7 32. Bxe5 Rxg7 33. d6 Qc6 34.
Qxc6 bxc6 35. Bxg7 Rxd6 36. Rxd6 Bxd6 37. Bh6 g4 38. Rf1 Kh7 39. Rxf5 Kxh6 40.
Rf6+ Kg5 41. Rxd6 g3 42. Rxc6 g2 43. Rxc5+ Kf4 44. Rc1 1-0

[Event "Uruguay ch 2011"]
[Site "Montevideo URU"]
[Date "2011.04.02"]
[Round "10.2"]
[White "Guerrero, Alvaro"]
[Black "Arcos Facio, Mateo"]
[Result "0-1"]
[WhiteElo "2216"]
[BlackElo "2109"]
[PlyCount "158"]
[EventDate "2011.03.25"]
[EventType "tourn"]
[EventRounds "11"]
[EventCountry "URU"]
[EventCategory "1"]
[Source "lmi"]
[SourceDate "2011.03.25"]

1. Nf3 Nf6 2. d3 g6 3. e4 d6 4. Be2 Bg7 5. O-O O-O 6. Nbd2 c5 7. Re1 Nc6 8. Nf1
e5 9. Bg5 h6 10. Bd2 Be6 11. c3 Qd7 12. Ng3 d5 13. Qc2 Rac8 14. Rad1 Rfd8 15.
Qb1 b6 16. h3 Qb7 17. Nh2 h5 18. Nf3 d4 19. c4 b5 20. cxb5 Qxb5 21. Ng5 Bd7 22.
Rc1 Rb8 23. b3 Ne8 24. f4 exf4 25. Bxf4 Be5 26. Bxe5 Nxe5 27. Nf3 f6 28. Qc2
Ng7 29. Nxe5 fxe5 30. Qxc5 Qxc5 31. Rxc5 Rb5 32. Rc2 Kf8 33. Nf1 Ke7 34. Nd2
Ne6 35. Bf1 Rc8 36. Nc4 Rbc5 37. Rf2 Bb5 38. g3 Bxc4 39. bxc4 Rb8 40. Rc1 Rc6
41. Be2 Rcb6 42. Rcf1 Rf8 43. Rxf8 Nxf8 44. Rf2 Ne6 45. h4 Nc5 46. Bf1 Rb1 47.
Rd2 Na4 48. Kf2 Kd6 49. Be2 Nc3 50. Kf3 Rh1 51. Rc2 Rh2 52. Rd2 a5 53. a3 Rh1
54. Rb2 Kc6 55. Rb8 Re1 56. Rb2 Ra1 57. g4 Rxa3 58. gxh5 gxh5 59. Rb8 Ra2 60.
Bf1 Ra1 61. Kf2 a4 62. Rc8+ Kb6 63. c5+ Kb7 64. Re8 a3 65. Re7+ Kc6 66. Re6+
Kxc5 67. Rxe5+ Kb4 68. Bh3 Ra2+ 69. Kf3 Rd2 70. Be6 Rxd3+ 71. Kf4 Rd1 72. Rxh5
Rf1+ 73. Ke5 d3 74. Rh8 d2 75. Rb8+ Nb5 76. Bd7 d1=Q 77. Rxb5+ Kc4 78. Rd5
Qxd5+ 79. exd5 a2 0-1

[Event "Uruguay ch 2011"]
[Site "Montevideo URU"]
[Date "2011.04.02"]
[Round "10.3"]
[White "Muniz, Rafael"]
[Black "Colombo, Camila"]
[Result "1-0"]
[WhiteElo "2190"]
[BlackElo "2094"]
[PlyCount "111"]
[EventDate "2011.03.25"]
[EventType "tourn"]
[EventRounds "11"]
[EventCountry "URU"]
[EventCategory "1"]
[Source "lmi"]
[SourceDate "2011.03.25"]

1. e4 e6 2. d4 d5 3. Nc3 Bb4 4. e5 b6 5. Qg4 Bf8 6. Nf3 Qd7 7. Bd3 h6 8. h4 Ba6
9. h5 Bxd3 10. cxd3 Nc6 11. a3 Na5 12. b4 Nb3 13. Rb1 Nxc1 14. Rxc1 a5 15. O-O
Ne7 16. Nh4 Rg8 17. bxa5 Rxa5 18. a4 c6 19. Rc2 g6 20. hxg6 fxg6 21. Rb1 Ra6
22. Rbc1 Kf7 23. Qf3+ Kg7 24. Qf6+ Kh7 25. Qf7+ Bg7 26. Nxg6 Ra7 27. Nxe7 Qxe7
28. Qxe7 Rxe7 29. Ne2 c5 30. f4 Bf8 31. Kf2 Ra7 32. Rb1 Ra6 33. Rb5 Rg6 34. a5
bxa5 35. dxc5 Rg7 36. c6 Raa7 37. Nd4 a4 38. Nxe6 a3 39. Nxf8+ Kg8 40. Ra2 Kxf8
41. Rb8+ Ke7 42. f5 Rg5 43. f6+ Ke6 44. Re8+ Kf7 45. Rh8 Ke6 46. d4 Rg4 47.
Re8+ Kf7 48. Rd8 Ke6 49. Rd6+ Kf5 50. Rxd5 Ra6 51. Rc5 Rb6 52. c7 Rf4+ 53. Ke2
Re4+ 54. Kd3 Rb3+ 55. Kc4 Ree3 56. c8=Q+ 1-0

[Event "Uruguay ch 2011"]
[Site "Montevideo URU"]
[Date "2011.04.02"]
[Round "10.4"]
[White "Rodriguez Vila, Andres"]
[Black "Crosa Coll, Martin"]
[Result "1-0"]
[WhiteElo "2527"]
[BlackElo "2354"]
[PlyCount "65"]
[EventDate "2011.03.25"]
[EventType "tourn"]
[EventRounds "11"]
[EventCountry "URU"]
[EventCategory "1"]
[Source "lmi"]
[SourceDate "2011.03.25"]

1. e4 c5 2. Nf3 Nc6 3. d4 cxd4 4. Nxd4 Nf6 5. Nc3 e5 6. Ndb5 d6 7. Nd5 Nxd5 8.
exd5 Nb8 9. Qf3 a6 10. Qa3 b6 11. c4 Be7 12. Bg5 Bxg5 13. Nxd6+ Kf8 14. Nxc8+
Kg8 15. h4 Bf6 16. Nd6 Be7 17. c5 bxc5 18. Nf5 Bf6 19. Be2 e4 20. Qxc5 g6 21.
Ne3 Bxb2 22. Rb1 Nd7 23. Qc2 Bd4 24. Qxe4 Qa5+ 25. Kf1 Bxe3 26. Qxe3 Qxa2 27.
Rd1 Nf6 28. Qd4 Re8 29. Bf3 Nd7 30. h5 Ne5 31. Re1 f6 32. d6 Kf8 33. d7 1-0

[Event "Uruguay ch 2011"]
[Site "Montevideo URU"]
[Date "2011.04.02"]
[Round "10.5"]
[White "Arean, Martin"]
[Black "Granara Barreto, Sebastian"]
[Result "1-0"]
[WhiteElo "1982"]
[BlackElo "2171"]
[PlyCount "71"]
[EventDate "2011.03.25"]
[EventType "tourn"]
[EventRounds "11"]
[EventCountry "URU"]
[EventCategory "1"]
[Source "lmi"]
[SourceDate "2011.03.25"]

1. d4 c5 2. d5 Nf6 3. c4 b5 4. cxb5 a6 5. b6 g6 6. Nc3 d6 7. e4 Nbd7 8. a4 Qxb6
9. a5 Qc7 10. f4 Bg7 11. Nf3 O-O 12. Bc4 Rb8 13. O-O h6 14. Qe2 Rb4 15. Re1 Nh7
16. Qd3 Qb8 17. b3 Qa7 18. Kh1 Ndf6 19. Ra2 Ng4 20. h3 Ngf6 21. g4 Qb8 22. e5
dxe5 23. fxe5 Nxg4 24. hxg4 Bxg4 25. Bf4 Qd8 26. Rg2 Bf5 27. Qe3 Qxa5 28. Bxh6
Rxc4 29. bxc4 Bxh6 30. Qxh6 Qxc3 31. Qf4 Kh8 32. Rh2 Rb8 33. e6 Rb2 34. Rxb2
Qxb2 35. d6 Qf6 36. d7 1-0

[Event "Uruguay ch 2011"]
[Site "Montevideo URU"]
[Date "2011.04.02"]
[Round "10.6"]
[White "Roselli Mailhe, Bernardo"]
[Black "Curi, Gabriel"]
[Result "1-0"]
[WhiteElo "2420"]
[BlackElo "2195"]
[PlyCount "73"]
[EventDate "2011.03.25"]
[EventType "tourn"]
[EventRounds "11"]
[EventCountry "URU"]
[EventCategory "1"]
[Source "lmi"]
[SourceDate "2011.03.25"]

1. d4 d5 2. Nf3 Nc6 3. Bf4 Bg4 4. e3 e6 5. c3 Bd6 6. Nbd2 Nge7 7. Be2 Ng6 8.
Bxd6 Qxd6 9. h3 Bxf3 10. Nxf3 O-O 11. O-O e5 12. dxe5 Ncxe5 13. Qa4 Rfd8 14.
Rad1 Qb6 15. Rd2 Nxf3+ 16. Bxf3 Ne5 17. Be2 c6 18. Rfd1 Re8 19. c4 dxc4 20.
Bxc4 Rad8 21. Bb3 Rxd2 22. Rxd2 Qc5 23. Qe4 Qf8 24. Qd4 b6 25. f4 Ng6 26. Rd3
Rc8 27. Qd7 c5 28. Bxf7+ Kh8 29. Bxg6 hxg6 30. Qe6 Rd8 31. Qxg6 Rxd3 32. Qxd3
Qc8 33. Qd5 c4 34. e4 c3 35. bxc3 Qxc3 36. Kh2 Qe3 37. Qf5 1-0

[Event "Uruguay ch 2011"]
[Site "Montevideo URU"]
[Date "2011.04.03"]
[Round "11.1"]
[White "Curi, Gabriel"]
[Black "Alonso, Salvador"]
[Result "0-1"]
[WhiteElo "2195"]
[BlackElo "2467"]
[PlyCount "132"]
[EventDate "2011.03.25"]
[EventType "tourn"]
[EventRounds "11"]
[EventCountry "URU"]
[EventCategory "1"]
[Source "lmi"]
[SourceDate "2011.03.25"]

1. e4 c5 2. c3 d5 3. exd5 Qxd5 4. d4 Nf6 5. Be3 cxd4 6. cxd4 e6 7. a3 Qa5+ 8.
Nc3 Nd5 9. Rc1 Nc6 10. Qd2 Nxc3 11. Rxc3 Bd6 12. Nf3 O-O 13. Be2 Ne7 14. O-O
Qd8 15. Ng5 Nd5 16. Rc2 Be7 17. Nf3 Bd7 18. Ne5 Ba4 19. Rcc1 f6 20. Nd3 Bc6 21.
Nc5 Qd6 22. Ne4 Qb8 23. Nc5 Bd6 24. g3 Qe8 25. Rfe1 f5 26. f4 Nf6 27. Bf2 Bxc5
28. dxc5 Rd8 29. Qa5 Ne4 30. Rcd1 Qe7 31. Rxd8 Rxd8 32. Rd1 Rxd1+ 33. Bxd1 Qd7
34. Bf3 Qd3 35. Bxe4 Qxe4 36. Kf1 Qc4+ 37. Kg1 Qd5 38. Kf1 Qd3+ 39. Kg1 h6 40.
Qe1 Kf7 41. Qe5 Qd1+ 42. Qe1 Qf3 43. Kf1 Qg2+ 44. Ke2 Qxh2 45. Kd2 Qg2 46. Kc3
Qf3+ 47. Qe3 Qd5 48. Qd4 g5 49. Qxd5 Bxd5 50. Be3 Kg6 51. Kd3 Kh5 52. Ke2 Kg4
53. Kf2 a6 54. Bd2 Bb3 55. Be3 a5 56. Bd2 a4 57. Be3 Bd5 58. Bd2 e5 59. fxe5 h5
60. Ba5 h4 61. gxh4 Kxh4 62. Bd8 f4 63. e6 Bxe6 64. Be7 Kg4 65. Bd6 Bf5 66. c6
bxc6 0-1

[Event "Uruguay ch 2011"]
[Site "Montevideo URU"]
[Date "2011.04.03"]
[Round "11.2"]
[White "Granara Barreto, Sebastian"]
[Black "Roselli Mailhe, Bernardo"]
[Result "0-1"]
[WhiteElo "2171"]
[BlackElo "2420"]
[PlyCount "94"]
[EventDate "2011.03.25"]
[EventType "tourn"]
[EventRounds "11"]
[EventCountry "URU"]
[EventCategory "1"]
[Source "lmi"]
[SourceDate "2011.03.25"]

1. e4 e6 2. d4 b6 3. c4 Bb7 4. Nc3 Bb4 5. Qc2 Bxc3+ 6. bxc3 Ne7 7. Ne2 d6 8.
Ng3 Nd7 9. h4 Nc6 10. Bg5 f6 11. Be3 Qe7 12. Be2 Na5 13. O-O O-O 14. Rab1 c5
15. Rfd1 Rfd8 16. Bf4 Ba6 17. d5 g6 18. Bg4 Nf8 19. Bh6 e5 20. h5 Bxc4 21. f4
exf4 22. Bxf4 Ba6 23. Qf2 Bc8 24. Be2 Nd7 25. Bh6 Ne5 26. Rf1 Bg4 27. hxg6 hxg6
28. Qxf6 Qxf6 29. Rxf6 Bxe2 30. Nxe2 Nac4 31. Rbf1 Kh7 32. Bg5 a6 33. g3 Rd7
34. Kg2 Kg7 35. Rb1 Nf7 36. Bh4 g5 37. Rxf7+ Rxf7 38. Bxg5 Rb8 39. Nf4 b5 40.
Ne6+ Kg8 41. g4 b4 42. cxb4 Rxb4 43. Rh1 Ne5 44. Bf4 Rxe4 45. Kg3 Nd3 46. Rf1
Nxf4 47. Nxf4 c4 0-1

[Event "Uruguay ch 2011"]
[Site "Montevideo URU"]
[Date "2011.04.03"]
[Round "11.3"]
[White "Crosa Coll, Martin"]
[Black "Arean, Martin"]
[Result "1-0"]
[WhiteElo "2354"]
[BlackElo "1982"]
[PlyCount "91"]
[EventDate "2011.03.25"]
[EventType "tourn"]
[EventRounds "11"]
[EventCountry "URU"]
[EventCategory "1"]
[Source "lmi"]
[SourceDate "2011.03.25"]

1. g3 c5 2. Bg2 g6 3. e4 Nc6 4. Ne2 Bg7 5. c3 e5 6. d3 Nge7 7. a3 d5 8. Be3 d4
9. cxd4 cxd4 10. Bc1 O-O 11. O-O Be6 12. Nd2 Qd7 13. f4 f6 14. Nf3 Na5 15. fxe5
fxe5 16. Ng5 Rxf1+ 17. Bxf1 Bb3 18. Qe1 Nec6 19. Bd2 b6 20. Nc1 Be6 21. b4 Nb7
22. Nxe6 Qxe6 23. Be2 Qh3 24. Qd1 Qe6 25. Bg4 Qf6 26. Qb3+ Kh8 27. Qe6 Rf8 28.
Qxf6 Bxf6 29. Nb3 Ncd8 30. Rc1 Nd6 31. a4 h5 32. Bh3 Rf7 33. Rc2 Ne8 34. b5 Rc7
35. Rxc7 Nxc7 36. Bb4 a5 37. Nxa5 bxa5 38. Bxa5 Ne8 39. Bb4 Nb7 40. a5 Nxa5 41.
Bxa5 Nd6 42. Bd7 Nb7 43. Bc7 Nc5 44. Bc6 Nxd3 45. b6 Nc5 46. Bd6 1-0

[Event "Uruguay ch 2011"]
[Site "Montevideo URU"]
[Date "2011.04.03"]
[Round "11.4"]
[White "Colombo, Camila"]
[Black "Rodriguez Vila, Andres"]
[Result "0-1"]
[WhiteElo "2094"]
[BlackElo "2527"]
[PlyCount "102"]
[EventDate "2011.03.25"]
[EventType "tourn"]
[EventRounds "11"]
[EventCountry "URU"]
[EventCategory "1"]
[Source "lmi"]
[SourceDate "2011.03.25"]

1. d4 e6 2. c4 c5 3. d5 Nf6 4. Nc3 exd5 5. cxd5 Bd6 6. Nf3 O-O 7. Bg5 Re8 8. e3
a6 9. a4 h6 10. Bh4 Bf8 11. Nd2 d6 12. Be2 Nbd7 13. O-O Rb8 14. Qc2 Ne5 15. h3
Ng6 16. Bg3 Qc7 17. e4 h5 18. f4 h4 19. Bh2 c4 20. Bxc4 b5 21. axb5 axb5 22.
Bd3 b4 23. Nd1 Qb6+ 24. Kh1 Nh5 25. Be2 Ng3+ 26. Bxg3 hxg3 27. Qd3 Bd7 28. Qxg3
Qd4 29. Qe3 Qf6 30. Kh2 Be7 31. Nc4 Bb5 32. Rc1 Bd8 33. b3 Nh4 34. g3 Ng6 35.
Bd3 Bc7 36. g4 Bxc4 37. Rxc4 Bb6 38. Qd2 Ra8 39. Qb2 Qh4 40. Rxb4 Bc5 41. Ra4
Rab8 42. Qc2 Qh6 43. Kg3 Bb6 44. Nc3 f5 45. gxf5 Qh4+ 46. Kh2 Nxf4 47. Rf3 Qe1
48. Rf1 Qe3 49. Kh1 Nxd3 50. Nd1 Qxh3+ 51. Qh2 Qxf1+ 0-1

[Event "Uruguay ch 2011"]
[Site "Montevideo URU"]
[Date "2011.04.03"]
[Round "11.5"]
[White "Arcos Facio, Mateo"]
[Black "Muniz, Rafael"]
[Result "1-0"]
[WhiteElo "2109"]
[BlackElo "2190"]
[PlyCount "75"]
[EventDate "2011.03.25"]
[EventType "tourn"]
[EventRounds "11"]
[EventCountry "URU"]
[EventCategory "1"]
[Source "lmi"]
[SourceDate "2011.03.25"]

1. e4 c5 2. Nf3 d6 3. d4 cxd4 4. Nxd4 Nf6 5. Nc3 a6 6. Be2 e5 7. Nb3 Be7 8. O-O
Be6 9. Be3 O-O 10. Nd5 Nbd7 11. Qd3 Bxd5 12. exd5 Nc5 13. Qd2 Qc7 14. f3 Nfd7
15. Na5 f5 16. b4 Na4 17. c4 g6 18. Rac1 Nf6 19. Rfd1 Rfd8 20. Qc2 Nb6 21. a4
Rac8 22. Qa2 Kh8 23. Nb3 Nbd7 24. c5 Qb8 25. c6 bxc6 26. dxc6 Nb6 27. Na5 d5
28. Nb7 d4 29. Nxd8 Nbd5 30. Nf7+ Kg7 31. Bh6+ Kxf7 32. Bc4 Qd6 33. b5 Ke8 34.
Qb3 f4 35. Bxd5 Nxd5 36. b6 g5 37. b7 Rb8 38. c7 1-0

[Event "Uruguay ch 2011"]
[Site "Montevideo URU"]
[Date "2011.04.03"]
[Round "11.6"]
[White "Larrea, Manuel"]
[Black "Guerrero, Alvaro"]
[Result "1-0"]
[WhiteElo "2284"]
[BlackElo "2216"]
[PlyCount "61"]
[EventDate "2011.03.25"]
[EventType "tourn"]
[EventRounds "11"]
[EventCountry "URU"]
[EventCategory "1"]
[Source "lmi"]
[SourceDate "2011.03.25"]

1. c4 Nf6 2. Nc3 d6 3. g3 g6 4. Bg2 Bg7 5. e3 O-O 6. Nge2 e5 7. O-O Nbd7 8. b4
a5 9. b5 Rb8 10. d4 b6 11. a4 Re8 12. Ba3 Bf8 13. Qc2 Bb7 14. Bc6 Ng4 15. Bxb7
exd4 16. Bf3 d3 17. Qxd3 Nge5 18. Qe4 Nf6 19. Qf4 Bh6 20. Qxh6 Nxf3+ 21. Kg2
Ng4 22. Qf4 Ngxh2 23. Rh1 g5 24. Qf5 Re5 25. Qd3 Qf6 26. Nd4 g4 27. Rxh2 Nxh2
28. Rh1 Rh5 29. Nd5 Qh6 30. Nf5 Rxf5 31. Qxf5 1-0